000 00809 a2200253 4500
005 20250508100411.0
020 _a0683044699
050 0 0 _aRG101
_bNOV 1988
100 1 _aNovak, Edmund R.
245 1 0 _aNovak's textbook of gynecology.
250 _a11th ed. /
_bHoward W. Jones III, Anne Colston Wentz, Lonnie S. Burnett.
264 _aUSA :
_bWilliams and Wilkins,
_cc.1988
300 _a919 pages
_billustrations
336 _2rdacontent
_atext
_btxt
337 _2rdamedia
_aunmediated
_bn
338 _2rdacarrier
_avolume
_bnc
504 _aIncludes bibliographies and index.
650 0 _aGynecology.
650 2 _aGenital Diseases, Female.
700 1 _aJones, Howard W.,
_cIII,
_d1942-
700 1 _aWentz, Anne Colston,
_d1940-
700 1 _aBurnett, Lonnie S.
942 _2lcc
_cBK
_h101
_iNOV
_kRG
999 _c11521
_d11521